| 000 | 00741cam a22001814a 4500 | ||
|---|---|---|---|
| 005 | 20250605163504.0 | ||
| 008 | 250528s ||||||||||||||||||||||||d | ||
| 035 | _a20355 | ||
| 020 | _a103519 | ||
| 040 |
_aGR-AtMCL _bgre _dGR-AtMCL _eAACR2 |
||
| 245 | 1 | _aCommunication Arts | |
| 260 |
_bCoyne & Blanchard, Inc, _c1998 |
||
| 300 | _a194 | ||
| 520 | _aLeonhardt Group, Natalie Ascencios, Color Predictions, Christine Alicino, Kan & Lau Design Consultants, Palmer Jarvis DDB, Broadcast Design Association, Eco, Exhibit, Technology, Technology Resources, Columns, Typography, Trend Watch, Legal Affairs, Advertising, Contributors, Book Reviews, Index to Volume 50, Directory. | ||
| 942 | _cBK | ||
| 999 |
_c5475 _d5475 |
||